Normal view
MARC view
- Kaleem, Usama
Entry Personal Name
001 - CONTROL NUMBER
- control field: 119892
003 - CONTROL NUMBER IDENTIFIER
- control field: NUST
005 - DATE AND TIME OF LATEST TRANSACTION
- control field: 20240117120640.0
008 - FIXED-LENGTH DATA ELEMENTS
- fixed length control field: 240117|| aca||aabn | a|a d
040 ## - CATALOGING SOURCE
- Original cataloging agency: NUST
- Transcribing agency: NUST
100 ## - HEADING--PERSONAL NAME
- Personal name: Kaleem, Usama
670 ## - SOURCE DATA FOUND
- Source citation: Work cat.: (NUST): Kaleem, Usama, Analysis of Mechanical Properties of parts produced through Stereolithography (SLA) with different Build Parameters/
